Aion. Da Omero as Aristotele.

Saved in:
Bibliografiske detaljer
Hovedforfatter: Degani, Enzo (autore)
Format: Bog
Udgivet: Firenze, Italia: Leo S. Olschki, 1961.
Serier:Università di Padova.; Facoltà di lettere e filosofia,
Fag:
Tags: Tilføj Tag
Ingen Tags, Vær først til at tagge denne postø!

MARC

LEADER 00000nam a22000007a 4500
003 CL-VaPUC
005 20230126094922.0
008 220726t1960 ||||| |||| 00| 0 eng d
999 |c 437585  |d 437583 
040 |c Pontificia Universidad Católica de Valparaíso 
082 7 |a 485 DEG 1960  |2 22 
100 1 |a Degani, Enzo  |e autore  |9 873960 
245 |a Aion.   |b Da Omero as Aristotele.  
260 |a Firenze, Italia:  |b Leo S. Olschki,   |c 1961. 
300 |a 153 páginas.  
490 |a Università di Padova.; Facoltà di lettere e filosofia,   |n  XXXVII. 
583 |c 20220726  |k GC 
650 |a Lengua griega  |x Semántica  |9 866245 
942 |2 ddc  |c BK 
952 |0 0  |1 0  |2 ddc  |4 0  |6 485_000000000000000_DEG_1960  |7 0  |8 C_AGB  |9 585366  |a BIBDER  |b BIBDER  |d 2022-07-26  |e Donación   |i 5653432  |o 485 DEG 1960  |p 5653432  |r 2023-01-25  |t 1  |w 2022-07-26  |y BK_US  |k AGB